000
00320nam a2200145Ia 4500
999
_c
14099
_d
14099
003
OSt
005
20260423112411.0
008
260210s9999 xx 000 0 und d
020
_a
9788499362632
082
_a
729.28
100
_a
Misc
245
0
_a
Kolon: Lighting (500 Tricks)
260
_b
Loft
942
_c
BDES
_2
ddc